[Event "GRE-chT 45th"]
[Site "Achaia"]
[Date "2017.07.04"]
[Round "3.14"]
[White "Pechlivanidou, Kalipso"]
[Black "Radeva, Viktoria"]
[Result "0-1"]
[WhiteElo "1033"]
[BlackElo "2205"]
[PlyCount "92"]
[EventDate "2017.07.03"]
[EventType "team-swiss"]
[EventRounds "7"]
[EventCountry "GRE"]
[SourceTitle "CBM 179 Extra"]
[Source "ChessBase"]
[SourceDate "2017.08.23"]
[SourceVersion "1"]
[SourceVersionDate "2017.08.23"]
[SourceQuality "1"]
[WhiteTeam "Triandrias Chess Intervention"]
[BlackTeam "Von Heraklion Attica"]
[WhiteTeamCountry "GRE"]
[BlackTeamCountry "GRE"]

1. d4 Nf6 2. Nf3 d5 3. Bf4 e6 4. e3 Be7 5. c3 c5 6. Bd3 0-0 7. 0-0 b6 8. Nbd2 Bb7 9. h3 Nbd7 10. Ne5 Rc8 11. Re1 Ne4 12. Nxe4 dxe4 13. Bc2 Nf6 14. Qe2 Bd6 15. Bh2 Qc7 16. Kh1 Rfd8 17. Rad1 c4 18. a3 b5 19. a4 a6 20. axb5 axb5 21. Bf4 Ra8 22. Ra1 Ne8 23. Red1 f6 24. Ng4 Bxf4 25. exf4 Qxf4 26. Ne3 Bd5 27. Qg4 Qxg4 28. hxg4 Nd6 29. Re1 Rxa1 30. Rxa1 Ra8 31. Rxa8+ Bxa8 32. Kh2 f5 33. gxf5 exf5 34. g3 Kf7 35. Kh3 g5 36. Kg2 h5 37. Kf1 h4 38. gxh4 gxh4 39. Kg2 f4 40. Ng4 Kg6 41. Kh3 Kg5 42. Bb1 Bb7 43. Bc2 Bc8 44. Bd1 f3 45. Kh2 Bxg4 46. Bc2 Kf4 0-1

[Event "GRE-ch U12 Girls"]
[Site "Achaia"]
[Date "2017.06.26"]
[Round "1"]
[White "Pechlivanidou, Kalipso"]
[Black "Apostolakaki, Evangelia"]
[Result "0-1"]
[WhiteElo "1033"]
[BlackElo "1218"]
[PlyCount "94"]
[EventDate "2017.06.26"]
[EventType "swiss"]
[EventRounds "9"]
[EventCountry "GRE"]
[SourceTitle "CBM 179 Extra"]
[Source "ChessBase"]
[SourceDate "2017.08.23"]
[SourceVersion "1"]
[SourceVersionDate "2017.08.23"]
[SourceQuality "1"]

1. d4 d5 2. Bf4 e6 3. Nf3 Nf6 4. e3 Nbd7 5. Nbd2 Be7 6. Bd3 b6 7. 0-0 Bb7 8. h3 0-0 9. c3 c5 10. Re1 Rc8 11. Ne5 Nxe5 12. Bxe5 Nd7 13. Bg3 Bf6 14. Nf3 Re8 15. Bc2 e5 16. dxe5 Nxe5 17. Nxe5 Bxe5 18. Bxe5 Rxe5 19. Qd3 g6 20. b4 Qc7 21. a3 a6 22. Qd2 cxb4 23. axb4 Qxc3 24. Qxc3 Rxc3 25. Rec1 Re8 26. Bd1 Rxc1 27. Rxc1 Rc8 28. Rxc8+ Bxc8 29. Bf3 Bb7 30. Kf1 Kg7 31. Ke2 Kf6 32. Kd3 Ke5 33. g3 Bc6 34. Bg2 Bb5+ 35. Kc3 f5 36. f4+ Ke6 37. h4 a5 38. bxa5 bxa5 39. Kb3 Kd6 40. Kc3 Kc5 41. Kb3 a4+ 42. Ka3 Be8 43. Bf3 d4 44. exd4+ Kxd4 45. Bd1 Ke3 46. Bxa4 Bxa4 47. Kxa4 Kf3 0-1